| 000 | 00445nam a22001457a 4500 | ||
|---|---|---|---|
| 003 | MACL | ||
| 005 | 20170707121053.0 | ||
| 008 | 170707b xxu||||| |||| 00| 0 eng d | ||
| 040 | _cMACL | ||
| 100 |
_aमधुदीप _968085 |
||
| 245 | _aपड़ाव और पड़ताल खण्ड -10 | ||
| 260 |
_a दिल्ली _b दिशा प्रकाशन _c2015 |
||
| 650 |
_a लघुकथा _956911 |
||
| 942 |
_2ddc _cHIN |
||
| 999 |
_c56715 _d56715 |
||